000 00704nam a22002057a 4500
003 OSt
005 20260305071328.0
008 260122b |||||||| |||| 00| 0 eng d
020 _a9715554067
040 _aDWCL-Main Lib
_cOC
082 _aFil. 420 C955 2002
100 _aCruz, Carmen A.
_dGonzalez, Andrew
_d Arcisna, Lolita V.
245 _aListening to many voices : year IV
260 _aManila :
_bDe La Salle University Press,
_cc2002.
300 _a315 pages :
_b illustrations ;
_c26 cm.
504 _aIncludes bibliographical references and index.
650 _aLanguage - Communication.
650 _aLanguage - English - Study and teaching (Secondary).
942 _2ddc
_cBK - FIL
_n0
_mFil.
999 _c7671
_d7671